| 000 | 02607nam a2200313 i 4500 | ||
|---|---|---|---|
| 001 | 193984 | ||
| 003 | SpMaBN | ||
| 005 | 20250708200656.0 | ||
| 008 | 240108s2023 sp | |||| 000 0 spa | ||
| 015 | _aMON23 | ||
| 017 |
_aM 18714-2023 _bOficina Depósito Legal Madrid |
||
| 020 | _a9788411703093 | ||
| 040 |
_aSpMaBN _bspa _cSpMaBN _erda |
||
| 100 | 1 |
_aGalán, Ilia, _d1966- _9234259 _eaut |
|
| 245 | 1 |
_aFilosofías desde la literatura : _bde Hildegard Von Bingen a Tranströmer / _cIlia Galán Díez. |
|
| 264 | 1 |
_bEditorial Dykinson, _c2023 |
|
| 300 |
_a249 páginas ; _c21 cm |
||
| 336 |
_aTexto _2rdacontent |
||
| 337 |
_asin mediación _2rdamedia |
||
| 338 |
_avolumen _2rdacarrier |
||
| 520 | _aNo es la razón sola el instrumento de nuestra mente capaz de alcanzar lo más profundo; a veces es indispensable la poesía, la narrativa o el teatro para vislumbrar lo que con razones solo no podría entenderse y parecería absurdo. Por eso no podemos o no debemos reducir la filosofía académica al modo racionalista o al modo analítico, hoy tan presuntuosamente imperantes en nuestras universidades, como si no hubiera otro modo de pensar. La filosofía se suele transmitir de modo eminente con palabras y por ello se convierte en una parte de la literatura. Los límites no son exactos entre una y otra manera de concebir lo ideal, lo fantástico o lo real, del mismo modo que también esos mundos se mezclan y confunden a menudo. La literatura puede ser filosofía, y lo es, en no pocos grandes poetas, dramaturgos o narradores... Pero también al contrario... No es por tanto extraño que algunos filósofos hayan recibido el premio Nobel de Literatura, como hallamos en los casos de Bergson, Sartre o Russell... En el presente libro se han reunido estudios de diversos escritores y la filosofía se teje a partir de las sugerencias que ahí se encuentran, a menudo entre las líneas, entre los intersticios que entre unas y otras palabras se nos dejan. | ||
| 852 |
_aES-MaACL _bR.154954 _cDEPOJ _jN-9776 _xEncuadernación rústica con solapas _gDedicatoria autógrafa del autor _hDonación : Ilía Galán Díez _9205507 |
||
| 903 |
_9234259 _aGalán, Ilia, _d1966- _ednr |
||
| 942 |
_cMONOGRAFIA _n0 |
||
| 999 |
_c193984 _d193984 |
||